| 000 | 00625nam a22001937a 4500 | ||
|---|---|---|---|
| 003 | OSt | ||
| 005 | 20251202124025.0 | ||
| 008 | 251202b |||||||| |||| 00| 0 eng d | ||
| 020 | _a971-29-0921-2. | ||
| 040 |
_aDWC-Main lib. _cOC |
||
| 082 |
_22nd ed. _aRes. 220 G646 1992 |
||
| 100 | _aPhilippine Bible Society | ||
| 245 |
_aGood news : Bible with deuterocanonicals : _btoday's English version 2nd ed./ _cPhilippine Bible Society |
||
| 260 |
_aManila : _bPhilippine bible Societry, _cc1992. |
||
| 300 |
_avarious paging ; _c17 cm. |
||
| 650 | _a1. Bible. | ||
| 760 | _b2nd ed. | ||
| 942 |
_2ddc _cBK-0 CIRC _e2nd ed. _kRes. _n0 |
||
| 999 |
_c6705 _d6705 |
||